Who married which person in Harry potter - Statistics

General Stats
  • This quiz has been taken 1,457 times
  • The average score is 12 of 22
Answer Stats
Hint Answer Children/Hint % Correct
Petunia Evans married Vernon Dursley Dudley Dursley
97%
Ginny Weasley Married Harry Potter James Sirius Potter Albus Severus Potter Lily Luna Potter
87%
Hermione Granger Married Ron Weasley Rose Weasley Hugo Weasley
86%
Nymphadora Tonks married Remus Lupin Teddy Lupin
83%
Fleur Delacour married Bill Weasley Victorie Weasley Domonique Weasley Louis Weasley
82%
Angelina Johnson married George Weasley Fred Weasley II Roxanne Weasley
82%
Molly Prewett married Arthur Weasley Bill Weasley Charlie Weasley Percy Weasley Fred Weasley George Weasley Ron Weasley Ginny Wasley
81%
Astoria Greengrass married Draco Malfoy Scorpius Malfoy
78%
Narcissa Black married Lucius Malfoy Draco Malfoy
78%
Andromeda Black married Ted Tonks Nymphadora Tonks
73%
Hannah Abbout married Neville Longbottom no known kids
68%
Audrey married Percy Weasley MollyWeasley II Lucy Weasley
61%
Kendra married Percival Dumbledore Albus Dumbledore Aberforth Dumbledore Ariana Dumbledore
51%
Bellatrix Black Rodolphus Lestrange no known kids
45%
Eileen Prince married Tobias Snape Severus Snape
39%
Merope Gaunt married Tom Riddle Snr Tom Riddle Jnr
35%
Luna Lovegood married rolf scamander Lorcan and Lysander Scamander
31%
Hope Howell married Lyall Lupin Remus Lupin
24%
Lily Evans married James Potter I Harry Potter
10%
Cedrella Black married Septimus Weasley Arthur Weasley and two other brothers
10%
Dorea Black married Charlus Potter one unknown son
8%
Callidora Black married Harfang Longbottom Algie Longbottom
4%
No matching quizzes found
Score Distribution
Percent of People with Each Score
Percentile by Number Answered
Your Score History
You have not taken this quiz